00551nam a2200133Ia 4500008004100000024004200041082001400083100007700097245006000174260002600234600002200260856011800282999001700400260210s9999 xx 000 0 und d a19B-007-PE, 19B-011-PE and 19B-035-PE a696.6 ZAK aM. Zaki ur Rehman Siddiqui, Huzaifa Atiq Siddiqui and Muhammad Hamza Ali 0aElectrification and Illuminatin of multi-story building aKarachi:bUITU,c2019 aPower Engineering uhttps://drive.google.com/file/d/1xZl2r8KqD5PL9ODKyQZNNeoUV362iYeX/view?usp=sharingyClick here for online reading c33365d33365